00896nam a2200205 a 45000050016000000080041000160100014000570200026000710350013000970370015001100400018001250820011001432450128001542600032002822700078003143000029003925050198004216500052006197000019006712009060604574.0070327s2007 flua j 000 0 eng  aENG-93920 a9788189975937c275.00 aEN-77453 bDBAD / PUB adplbEnglish  a170.44 aChicken soup for the child's soul :bcharacter-building stories to read with kids ages 5-8 /cby Jack Canfield ... [et al.] aNew Delhi bWestland c2008 aF-5, Okhla Industrial Area, Phase-I, Mezzanine Floor, bNew Delhie110020 axxi, 260 p. c22cm(pbk)  aThinking of others -- Being a team player -- Being responsible -- Making good choices -- Making and accepting changes -- Learning to forgive -- Sharing and giving -- Looking on the bright side. aChildrenxConduct of lifevJuvenile literature. aCanfield, Jack